[Event "Olympiad (under 16)"]
[Site "masterchessopen.com - Istanbul (Turkey)"]
[Date "2012.09.03"]
[Round "7"]
[White "Van De Venter Waldo (RSA)"]
[Black "Thybo Jesper Sondergaard (DEN)"]
[Result "1-0"]
[WhiteElo "1914"]
[BlackElo "2006"]

1.d4 Nf6 2.c4 e6 3.Nf3 c5 4.d5 exd5 5.cxd5 d6 6.Nc3 g6 7.e4 Bg7 8.h3 O-O 9.Bd3
b5 10.Nxb5 Re8 11.O-O Nxe4 12.Qa4 Nf6 13.Bg5 Bd7 14.Qh4 h6 15.Bxh6 Qb6 16.Bxg7
Kxg7 17.Na3 Qxb2 18.Nc4 Qc3 19.Rfd1 Rh8 20.Qg3 Ba4 21.Rac1 Qb4 22.Rd2 Rh5
23.Rb2 Nxd5 24.Rxb4 Nxb4 25.Bb1 d5 26.Nb2 {#r} 1-0